000 00229nam a2200097Ia 4500
008 190216s9999||||xx |||||||||||||| ||und||
100 _aRajammal P Devadas
245 0 _aGriha Shashthram
260 _bKerala Basha Inst
942 _cBK
999 _c37674
_d37674